| 000 | 00978nam a2200277Ia 4500 | ||
|---|---|---|---|
| 003 | OSt | ||
| 005 | 20221005111553.0 | ||
| 006 | a|||||r|||| 00| 0 | ||
| 007 | ta | ||
| 008 | 221004b |||||||| |||| 00| 0 hin d | ||
| 020 |
_a9788172015237 (pbk) _cINR 120.00 |
||
| 024 | _a37490 | ||
| 037 |
_bBW/1666, 14/03/2018, Bookwell _cTextual |
||
| 040 |
_aCRL _cCRL _bhin |
||
| 041 |
_2hin _ahin |
||
| 082 | _aO157,3N31,SL, 152Q7 | ||
| 100 | _aमति नंदी, ले. | ||
| 245 | 0 | _aसादा लिफ़ाफ़ा | |
| 246 | _aSādā liफ़āफ़ā | ||
| 260 |
_aनई दिल्ली _bसाहित्य अकादेमी भारत _c2017 |
||
| 300 |
_a108पृ0 _ccm. |
||
| 650 | _a बंगाली साहित्य | ||
| 650 | _aबंगाली कहानी | ||
| 942 |
_hO157,3N31,SL, 152Q7 _cTEXL _2cc |
||
| 999 |
_c1022197 _d1022197 |
||